[Event "Silkway Cup"]
[Site "T#646345FIDE"]
[Date "2020.05.28"]
[Round "10"]
[White "Elene tsotsonava"]
[Black "Ati1517"]
[Result "1-0"]
[WhiteElo "1718"]
[BlackElo "1571"]
[Annotator "NA"]
[PlyCount "73"]
[EventDate "2020.05.28"]
[EventType "swiss (blitz)"]

1. e4 {[%emt 0:00:01]} e5 {[%emt 0:00:01]} 2. Nf3 {[%emt 0:00:01]} Nc6 {[%emt 0:00:01]} 3. Bb5 {[%emt 0:00:01]} a6 {[%emt 0:00:01]} 4. Ba4 {[%emt 0:00:01]} Nf6 {[%emt 0:00:01]} 5. O-O {[%emt 0:00:01]} b5 {[%emt 0:00:02]} 6. Bb3 {[%emt 0:00:00]} Bc5 {[%emt 0:00:01]} 7. c3 {[%emt 0:00:02]} d6 {[%emt 0:00:05]} 8. d4 {[%emt 0:00:02]} Bb6 {[%emt 0:00:04]} 9. h3 {[%emt 0:00:06]} h6 {[%emt 0:00:02]} 10. a4 {[%emt 0:00:09]} Bb7 {[%emt 0:00:03]} 11. Re1 {[%emt 0:00:04]} O-O {[%emt 0:00:02]} 12. Na3 {[%emt 0:00:17]} Qe7 {[%emt 0:00:18]} 13. Be3 {[%emt 0:00:34]} b4 {[%emt 0:00:34]} 14. Nc4 {[%emt 0:00:03]} exd4 {[%emt 0:00:08]} 15. cxd4 {[%emt 0:00:08]} Nxe4 {[%emt 0:00:10]} 16. d5 {[%emt 0:00:13]} Na5 {[%emt 0:00:16]} 17. Nxb6 {[%emt 0:00:35]} cxb6 {[%emt 0:00:04]} 18. Bxb6 {[%emt 0:00:02]} Nxb3 {[%emt 0:00:03]} 19. Qxb3 {[%emt 0:00:00]} f5 {[%emt 0:00:03]} 20. Qxb4 {[%emt 0:00:11]} Bxd5 {[%emt 0:00:04]} 21. Rad1 {[%emt 0:00:02]} Qf7 {[%emt 0:00:05]} 22. Qa5 {[%emt 0:00:33]} Bb3 {[%emt 0:00:07]} 23. Rd3 {[%emt 0:00:03]} Kh8 {[%emt 0:00:08]} 24. Nd4 {[%emt 0:00:07]} Bc4 {[%emt 0:00:06]} 25. Rf3 {[%emt 0:00:01]} d5 {[%emt 0:00:18]} 26. Nxf5 {[%emt 0:00:01]} Qh5 {[%emt 0:00:05]} 27. Nd4 {[%emt 0:00:09]} Rxf3 {[%emt 0:00:02]} 28. Nxf3 {[%emt 0:00:01]} Qg6 {[%emt 0:00:17]} 29. Bd4 {[%emt 0:00:08]} Rf8 {[%emt 0:00:02]} 30. Kh1 {[%emt 0:00:04]} Kh7 {[%emt 0:00:11]} 31. Qc7 {[%emt 0:00:09]} Rf7 {[%emt 0:00:10]} 32. Qh2 {[%emt 0:00:01]} Rf5 {[%emt 0:00:12]} 33. Nh4 {[%emt 0:00:03]} Qf7 {[%emt 0:00:01]} 34. Nxf5 {[%emt 0:00:01]} Qxf5 {[%emt 0:00:01]} 35. f3 {[%emt 0:00:06]} Nd2 {[%emt 0:00:03]} 36. Qc7 {[%emt 0:00:03]} Nxf3 {[%emt 0:00:03]} 37. Qxg7# {[%emt 0:00:02] (Lag: Av=0.75s, max=1.9s)} 1-0

[Event "Silkway Cup"]
[Site "T#646345FIDE"]
[Date "2020.05.28"]
[Round "10"]
[White "Nara_Kh"]
[Black "Gb_23"]
[Result "1/2-1/2"]
[WhiteElo "1713"]
[BlackElo "1772"]
[Annotator "NA"]
[PlyCount "148"]
[EventDate "2020.05.28"]
[EventType "swiss (blitz)"]

1. e4 {[%emt 0:00:03]} c5 {[%emt 0:00:01]} 2. Be2 {[%emt 0:00:02]} d6 {[%emt 0:00:05]} 3. f4 {[%emt 0:00:03]} Nc6 {[%emt 0:00:03]} 4. Nf3 {[%emt 0:00:01]} g6 {[%emt 0:00:06]} 5. O-O {[%emt 0:00:02]} Bg7 {[%emt 0:00:01]} 6. d3 {[%emt 0:00:01]} e6 {[%emt 0:00:02]} 7. Nbd2 {[%emt 0:00:06]} Nge7 {[%emt 0:00:02]} 8. c3 {[%emt 0:00:02]} O-O {[%emt 0:00:03]} 9. Qe1 {[%emt 0:00:01]} b5 {[%emt 0:00:19]} 10. Qf2 {[%emt 0:01:03]} b4 {[%emt 0:00:06]} 11. d4 {[%emt 0:00:11]} bxc3 {[%emt 0:00:18]} 12. bxc3 {[%emt 0:00:01]} cxd4 {[%emt 0:00:01]} 13. cxd4 {[%emt 0:00:03]} Qb6 {[%emt 0:00:24]} 14. Nc4 {[%emt 0:00:14]} Bxd4 {[%emt 0:00:47]} 15. Nxd4 {[%emt 0:00:02]} Qxd4 {[%emt 0:00:01]} 16. Be3 {[%emt 0:00:04]} Qxe4 {[%emt 0:00:02]} 17. Nxd6 {[%emt 0:00:05]} Qb4 {[%emt 0:00:10]} 18. Bc5 {[%emt 0:00:37]} Qa5 {[%emt 0:00:04]} 19. Bf3 {[%emt 0:00:21]} Ba6 {[%emt 0:00:05]} 20. Rfd1 {[%emt 0:00:02]} Rab8 {[%emt 0:00:07]} 21. Rac1 {[%emt 0:00:06]} Rfd8 {[%emt 0:00:10]} 22. Qh4 {[%emt 0:00:13]} Rb1 {[%emt 0:00:27]} 23. Qf2 {[%emt 0:00:14]} Rxc1 {[%emt 0:00:03]} 24. Rxc1 {[%emt 0:00:00]} Nb4 {[%emt 0:00:08]} 25. Bxb4 {[%emt 0:00:10]} Qxb4 {[%emt 0:00:00]} 26. Ne4 {[%emt 0:00:00]} Qd4 {[%emt 0:00:01]} 27. Qxd4 {[%emt 0:00:02]} Rxd4 {[%emt 0:00:00]} 28. Rc7 {[%emt 0:00:00]} Nd5 {[%emt 0:00:11]} 29. Rxa7 {[%emt 0:00:01]} Bd3 {[%emt 0:00:01]} 30. Ng5 {[%emt 0:00:03]} Rxf4 {[%emt 0:00:05]} 31. Kf2 {[%emt 0:00:02]} h6 {[%emt 0:00:01]} 32. Nh3 {[%emt 0:00:01]} Rb4 {[%emt 0:00:01]} 33. Bxd5 {[%emt 0:00:03]} exd5 {[%emt 0:00:01]} 34. Ke3 {[%emt 0:00:00]} Be4 {[%emt 0:00:01]} 35. g3 {[%emt 0:00:01]} Kg7 {[%emt 0:00:01]} 36. Nf4 {[%emt 0:00:02]} Rb2 {[%emt 0:00:02]} 37. h4 {[%emt 0:00:03]} Kf6 {[%emt 0:00:04]} 38. Ne2 {[%emt 0:00:02]} g5 {[%emt 0:00:03]} 39. a4 {[%emt 0:00:03]} Ke6 {[%emt 0:00:02]} 40. Ra6+ {[%emt 0:00:01]} Ke7 {[%emt 0:00:02]} 41. Rxh6 {[%emt 0:00:01]} gxh4 {[%emt 0:00:01]} 42. gxh4 {[%emt 0:00:01]} Rb3+ {[%emt 0:00:00]} 43. Kf4 {[%emt 0:00:01]} Rb4 {[%emt 0:00:01]} 44. Ke5 {[%emt 0:00:01]} Rxa4 {[%emt 0:00:01]} 45. Nd4 {[%emt 0:00:01]} Ra1 {[%emt 0:00:05]} 46. h5 {[%emt 0:00:01]} Re1 {[%emt 0:00:01]} 47. Kf4 {[%emt 0:00:03]} Bd3 {[%emt 0:00:01]} 48. Nf3 {[%emt 0:00:02]} Re4+ {[%emt 0:00:02]} 49. Kg3 {[%emt 0:00:01]} Kf8 {[%emt 0:00:02]} 50. Rb6 {[%emt 0:00:02]} Bc4 {[%emt 0:00:04]} 51. h6 {[%emt 0:00:03]} Kg8 {[%emt 0:00:01]} 52. Ng5 {[%emt 0:00:03]} Re8 {[%emt 0:00:01]} 53. Rc6 {[%emt 0:00:03]} Rf8 {[%emt 0:00:03]} 54. Kf4 {[%emt 0:00:03]} f6 {[%emt 0:00:01]} 55. Ne6 {[%emt 0:00:02]} Re8 {[%emt 0:00:01]} 56. Kf5 {[%emt 0:00:01]} Kh7 {[%emt 0:00:02]} 57. Kxf6 {[%emt 0:00:04]} Kxh6 {[%emt 0:00:01]} 58. Nf4 {[%emt 0:00:02]} Kh7 {[%emt 0:00:02]} 59. Ne6 {[%emt 0:00:02]} Kh6 {[%emt 0:00:06]} 60. Rc7 {[%emt 0:00:04]} Bd3 {[%emt 0:00:05]} 61. Rc5 {[%emt 0:00:03]} Be4 {[%emt 0:00:02]} 62. Rc3 {[%emt 0:00:05]} Kh5 {[%emt 0:00:01]} 63. Ke5 {[%emt 0:00:02]} Kg4 {[%emt 0:00:02]} 64. Ra3 {[%emt 0:00:02]} Rb8 {[%emt 0:00:02]} 65. Nd4 {[%emt 0:00:02]} Re8+ {[%emt 0:00:02]} 66. Ne6 {[%emt 0:00:01]} Bf5 {[%emt 0:00:01]} 67. Ra4+ {[%emt 0:00:02]} Be4 {[%emt 0:00:01]} 68. Rb4 {[%emt 0:00:03]} Kf3 {[%emt 0:00:02]} 69. Kf6 {[%emt 0:00:03]} Ke3 {[%emt 0:00:03]} 70. Ke5 {[%emt 0:00:01]} Rc8 {[%emt 0:00:03]} 71. Rb3+ {[%emt 0:00:01]} Kd2 {[%emt 0:00:02]} 72. Nf4 {[%emt 0:00:02]} Rc3 {[%emt 0:00:04]} 73. Rxc3 {[%emt 0:00:02]} Kxc3 {[%emt 0:00:00]} 74. Nxd5+ {[%emt 0:00:01]} Bxd5 {[%emt 0:00:01] (Lag: Av=1.51s, max=4.6s)} 1/2-1/2

[Event "Silkway Cup"]
[Site "T#646345FIDE"]
[Date "2020.05.28"]
[Round "10"]
[White "Ulka96"]
[Black "muradli mahammad"]
[Result "1/2-1/2"]
[WhiteElo "1680"]
[BlackElo "2463"]
[Annotator "NA"]
[PlyCount "112"]
[EventDate "2020.05.28"]
[EventType "swiss (blitz)"]

1. b3 {[%emt 0:00:02]} e5 {[%emt 0:00:02]} 2. Bb2 {[%emt 0:00:02]} d6 {[%emt 0:00:01]} 3. g3 {[%emt 0:00:01]} Nc6 {[%emt 0:00:07]} 4. Bg2 {[%emt 0:00:01]} g6 {[%emt 0:00:01]} 5. e3 {[%emt 0:00:02]} Bg7 {[%emt 0:00:01]} 6. Ne2 {[%emt 0:00:01]} Nge7 {[%emt 0:00:00]} 7. O-O {[%emt 0:00:04]} O-O {[%emt 0:00:01]} 8. f4 {[%emt 0:00:13]} Be6 {[%emt 0:00:11]} 9. Nbc3 {[%emt 0:00:06]} f5 {[%emt 0:00:16] muradli mahammad reconnected.} 10. d3 {[%emt 0:00:24]} d5 {[%emt 0:00:05]} 11. fxe5 {[%emt 0:00:02]} Nxe5 {[%emt 0:00:00]} 12. Nf4 {[%emt 0:00:01]} Bf7 {[%emt 0:00:01] muradli mahammad reconnected. muradli mahammad reconnected. muradli mahammad reconnected. muradli mahammad reconnected. muradli mahammad reconnected.} 13. Kh1 {[%emt 0:01:45]} c6 {[%emt 0:00:04]} 14. e4 {[%emt 0:00:04]} fxe4 {[%emt 0:00:03]} 15. dxe4 {[%emt 0:00:02]} d4 {[%emt 0:00:00]} 16. Nce2 {[%emt 0:00:03]} c5 {[%emt 0:00:01]} 17. Nc1 {[%emt 0:00:04]} N7c6 {[%emt 0:00:04]} 18. Ncd3 {[%emt 0:00:01] muradli mahammad reconnected.} c4 {[%emt 0:00:01]} 19. Nxe5 {[%emt 0:00:04]} Bxe5 {[%emt 0:00:00]} 20. Ba3 {[%emt 0:00:08]} Bd6 {[%emt 0:00:06]} 21. Bxd6 {[%emt 0:00:02]} Qxd6 {[%emt 0:00:00]} 22. Nd5 {[%emt 0:00:01]} cxb3 {[%emt 0:00:06]} 23. axb3 {[%emt 0:00:02]} Be6 {[%emt 0:00:01]} 24. Qd3 {[%emt 0:00:03]} a6 {[%emt 0:00:09] muradli mahammad reconnected.} 25. Rae1 {[%emt 0:00:04]} Qe5 {[%emt 0:00:04]} 26. Nf4 {[%emt 0:00:05]} Bf7 {[%emt 0:00:05]} 27. Nd5 {[%emt 0:00:02]} Kg7 {[%emt 0:00:01]} 28. Nf6 {[%emt 0:00:02]} Be6 {[%emt 0:00:03]} 29. Nd5 {[%emt 0:00:01]} Rxf1+ {[%emt 0:00:00]} 30. Rxf1 {[%emt 0:00:02]} Rf8 {[%emt 0:00:00]} 31. Rxf8 {[%emt 0:00:01]} Kxf8 {[%emt 0:00:00]} 32. Qf3+ {[%emt 0:00:01]} Kg7 {[%emt 0:00:01]} 33. h4 {[%emt 0:00:03]} h5 {[%emt 0:00:03]} 34. Qf4 {[%emt 0:00:02]} b5 {[%emt 0:00:14] muradli mahammad reconnected.} 35. Nc7 {[%emt 0:00:04]} Bc8 {[%emt 0:00:05]} 36. Qxe5+ {[%emt 0:00:07] muradli mahammad reconnected.} Nxe5 {[%emt 0:00:00]} 37. Kg1 {[%emt 0:00:03]} Kf6 {[%emt 0:00:04]} 38. Kf1 {[%emt 0:00:01]} Ke7 {[%emt 0:00:00]} 39. Ke2 {[%emt 0:00:02]} Kd6 {[%emt 0:00:01]} 40. Nd5 {[%emt 0:00:01]} a5 {[%emt 0:00:00]} 41. Nf4 {[%emt 0:00:01]} a4 {[%emt 0:00:02]} 42. bxa4 {[%emt 0:00:04]} bxa4 {[%emt 0:00:00]} 43. Kd2 {[%emt 0:00:00]} a3 {[%emt 0:00:07]} 44. Kc1 {[%emt 0:00:01]} Ba6 {[%emt 0:00:03]} 45. Kb1 {[%emt 0:00:02]} Bc4 {[%emt 0:00:01]} 46. Bh3 {[%emt 0:00:03]} d3 {[%emt 0:00:10] muradli mahammad reconnected.} 47. cxd3 {[%emt 0:00:05]} Nxd3 {[%emt 0:00:00]} 48. Nxd3 {[%emt 0:00:05]} Bxd3+ {[%emt 0:00:00]} 49. Ka2 {[%emt 0:00:01]} Ke5 {[%emt 0:00:00]} 50. Kxa3 {[%emt 0:00:02]} Kxe4 {[%emt 0:00:01]} 51. g4 {[%emt 0:00:02] muradli mahammad reconnected.} Kf4 {[%emt 0:00:19]} 52. gxh5 {[%emt 0:00:01]} gxh5 {[%emt 0:00:01]} 53. Be6 {[%emt 0:00:00]} Bg6 {[%emt 0:00:07]} 54. Bc4 {[%emt 0:00:01]} Bf5 {[%emt 0:00:04]} 55. Bf7 {[%emt 0:00:01]} Kg4 {[%emt 0:00:01]} 56. Bxh5+ {[%emt 0:00:01]} Kxh4 {[%emt 0:00:00] (Lag: Av=1.16s, max=16.1s)} 1/2-1/2

[Event "Silkway Cup"]
[Site "T#646345FIDE"]
[Date "2020.05.28"]
[Round "10"]
[White "Meri-Arabidze"]
[Black "Belusi"]
[Result "0-1"]
[WhiteElo "1649"]
[BlackElo "2384"]
[PlyCount "58"]
[EventDate "2020.05.28"]
[EventType "swiss (blitz)"]

1. d4 {[%emt 0:00:02]} Nf6 {[%emt 0:00:02]} 2. c4 {[%emt 0:00:01]} g6 {[%emt 0:00:01]} 3. g3 {[%emt 0:00:01]} Bg7 {[%emt 0:00:02]} 4. Bg2 {[%emt 0:00:01]} c5 {[%emt 0:00:01]} 5. Nf3 {[%emt 0:00:03]} Qa5+ {[%emt 0:00:03]} 6. Nbd2 {[%emt 0:00:19]} cxd4 {[%emt 0:00:12]} 7. Nxd4 {[%emt 0:00:02]} Nc6 {[%emt 0:00:01]} 8. Nc2 {[%emt 0:00:07]} O-O {[%emt 0:00:16]} 9. O-O {[%emt 0:00:02]} d6 {[%emt 0:00:01]} 10. e4 {[%emt 0:00:05]} Be6 {[%emt 0:00:06]} 11. Qe2 {[%emt 0:00:13]} Rfc8 {[%emt 0:00:14]} 12. a3 {[%emt 0:00:03]} Nd7 {[%emt 0:00:05]} 13. Rb1 {[%emt 0:00:08]} Nce5 {[%emt 0:00:09]} 14. b3 {[%emt 0:00:07]} b5 {[%emt 0:00:14]} 15. f4 {[%emt 0:00:50]} Qc3 {[%emt 0:00:34]} 16. Ne3 {[%emt 0:00:13]} Nd3 {[%emt 0:00:09]} 17. f5 {[%emt 0:00:02]} Bd4 {[%emt 0:00:09]} 18. fxe6 {[%emt 0:00:38]} Nxc1 {[%emt 0:00:02]} 19. Rbxc1 {[%emt 0:00:20]} Qxe3+ {[%emt 0:00:02]} 20. Qxe3 {[%emt 0:00:01]} Bxe3+ {[%emt 0:00:01]} 21. Kh1 {[%emt 0:00:01]} fxe6 {[%emt 0:00:05]} 22. Bh3 {[%emt 0:00:14]} Nf8 {[%emt 0:00:10]} 23. Rfd1 {[%emt 0:00:06]} Rc7 {[%emt 0:00:11]} 24. Rc2 {[%emt 0:00:02]} Rac8 {[%emt 0:00:03]} 25. Bf1 {[%emt 0:00:03]} a5 {[%emt 0:00:09]} 26. Ra2 {[%emt 0:00:02]} Bxd2 {[%emt 0:00:10]} 27. Raxd2 {[%emt 0:00:02]} bxc4 {[%emt 0:00:02]} 28. Bxc4 {[%emt 0:00:01]} a4 {[%emt 0:00:01] Meri-Arabidze reconnected.} 29. Rg2 {[%emt 0:00:00]} Rb8 {[%emt 0:00:05] Time (Lag: Av=1.44s, max=2.7s)} 0-1

[Event "Silkway Cup"]
[Site "T#646345FIDE"]
[Date "2020.05.28"]
[Round "10"]
[White "Sandrika"]
[Black "Skoffee"]
[Result "1/2-1/2"]
[WhiteElo "1606"]
[BlackElo "1788"]
[Annotator "NA"]
[PlyCount "115"]
[EventDate "2020.05.28"]
[EventType "swiss (blitz)"]

1. Nf3 {[%emt 0:00:03]} Nf6 {[%emt 0:00:02]} 2. d4 {[%emt 0:00:02]} g6 {[%emt 0:00:01]} 3. c4 {[%emt 0:00:01]} d6 {[%emt 0:00:01]} 4. Nc3 {[%emt 0:00:02]} Bg7 {[%emt 0:00:01]} 5. e4 {[%emt 0:00:01]} Nbd7 {[%emt 0:00:03]} 6. Be2 {[%emt 0:00:03]} c5 {[%emt 0:00:02]} 7. d5 {[%emt 0:00:05]} O-O {[%emt 0:00:02]} 8. O-O {[%emt 0:00:01]} a6 {[%emt 0:00:02]} 9. Re1 {[%emt 0:00:05]} Rb8 {[%emt 0:00:01]} 10. h3 {[%emt 0:00:14]} Ne8 {[%emt 0:00:06]} 11. Qc2 {[%emt 0:00:12]} Nc7 {[%emt 0:00:01]} 12. a4 {[%emt 0:00:03]} a5 {[%emt 0:00:02]} 13. Bf4 {[%emt 0:00:05]} Na6 {[%emt 0:00:01]} 14. Rad1 {[%emt 0:00:04]} Nb4 {[%emt 0:00:01]} 15. Qd2 {[%emt 0:00:01]} Re8 {[%emt 0:00:03]} 16. Bf1 {[%emt 0:00:05]} Ne5 {[%emt 0:00:02]} 17. Nxe5 {[%emt 0:00:08]} dxe5 {[%emt 0:00:02]} 18. Bg5 {[%emt 0:00:04]} f6 {[%emt 0:00:15]} 19. Be3 {[%emt 0:00:01]} Bd7 {[%emt 0:00:04]} 20. Bxc5 {[%emt 0:00:08]} Qc7 {[%emt 0:00:07]} 21. Be3 {[%emt 0:00:03]} b6 {[%emt 0:00:04]} 22. Rc1 {[%emt 0:00:07]} Bf8 {[%emt 0:00:02]} 23. Red1 {[%emt 0:00:03]} f5 {[%emt 0:00:06]} 24. exf5 {[%emt 0:00:13]} gxf5 {[%emt 0:00:01]} 25. Bh6 {[%emt 0:00:04]} Qd6 {[%emt 0:00:09]} 26. Bxf8 {[%emt 0:00:03]} Rxf8 {[%emt 0:00:01]} 27. Re1 {[%emt 0:00:10]} e4 {[%emt 0:00:04]} 28. Qe3 {[%emt 0:00:28]} Rf6 {[%emt 0:00:03]} 29. g3 {[%emt 0:00:12]} Rg6 {[%emt 0:00:05]} 30. Kh1 {[%emt 0:00:09]} Rf8 {[%emt 0:00:03]} 31. Qd2 {[%emt 0:00:14]} Rh6 {[%emt 0:00:12]} 32. Re3 {[%emt 0:00:04]} Qg6 {[%emt 0:00:11]} 33. h4 {[%emt 0:00:06]} f4 {[%emt 0:00:09]} 34. Rxe4 {[%emt 0:00:04]} fxg3 {[%emt 0:00:01]} 35. fxg3 {[%emt 0:00:02]} Qxg3 {[%emt 0:00:10]} 36. Qg2 {[%emt 0:00:05]} Qxg2+ {[%emt 0:00:05]} 37. Kxg2 {[%emt 0:00:03]} Rg6+ {[%emt 0:00:04]} 38. Kh1 {[%emt 0:00:02]} e6 {[%emt 0:00:13]} 39. dxe6 {[%emt 0:00:09]} Bc6 {[%emt 0:00:01]} 40. Bg2 {[%emt 0:00:06]} Bxe4 {[%emt 0:00:03]} 41. Bxe4 {[%emt 0:00:02]} Rxe6 {[%emt 0:00:01]} 42. Re1 {[%emt 0:00:02]} Rh6 {[%emt 0:00:07]} 43. Kh2 {[%emt 0:00:04]} Rxh4+ {[%emt 0:00:01]} 44. Kg3 {[%emt 0:00:01]} Rhf4 {[%emt 0:00:05]} 45. Nd5 {[%emt 0:00:02]} Nxd5 {[%emt 0:00:05]} 46. Bxd5+ {[%emt 0:00:00]} Kg7 {[%emt 0:00:01]} 47. Re7+ {[%emt 0:00:02]} Kh6 {[%emt 0:00:02]} 48. b3 {[%emt 0:00:05]} R4f6 {[%emt 0:00:02]} 49. Be4 {[%emt 0:00:03]} Rg8+ {[%emt 0:00:03]} 50. Kh3 {[%emt 0:00:03]} Rg7 {[%emt 0:00:04]} 51. Re5 {[%emt 0:00:03]} Rg5 {[%emt 0:00:11]} 52. Re7 {[%emt 0:00:02]} Rg7 {[%emt 0:00:04]} 53. Re5 {[%emt 0:00:01]} Rc7 {[%emt 0:00:05]} 54. Kg4 {[%emt 0:00:05]} Rc5 {[%emt 0:00:03]} 55. Re7 {[%emt 0:00:02]} Rg5+ {[%emt 0:00:02]} 56. Kh3 {[%emt 0:00:02]} Rh5+ {[%emt 0:00:01]} 57. Kg4 {[%emt 0:00:03]} Rg5+ {[%emt 0:00:03]} 58. Kh3 {[%emt 0:00:01] (Lag: Av=0.37s, max=0.6s)} 1/2-1/2

[Event "Silkway Cup"]
[Site "T#646345FIDE"]
[Date "2020.05.28"]
[Round "10"]
[White "AbdullaKh"]
[Black "Powerstrong"]
[Result "0-1"]
[WhiteElo "1602"]
[BlackElo "1776"]
[Annotator "NA"]
[PlyCount "106"]
[EventDate "2020.05.28"]
[EventType "swiss (blitz)"]

1. e4 {[%emt 0:00:03]} c5 {[%emt 0:00:02]} 2. c3 {[%emt 0:00:02]} Nf6 {[%emt 0:00:06]} 3. e5 {[%emt 0:00:01]} Nd5 {[%emt 0:00:01]} 4. Nf3 {[%emt 0:00:01]} d6 {[%emt 0:00:03]} 5. d4 {[%emt 0:00:04]} cxd4 {[%emt 0:00:02]} 6. cxd4 {[%emt 0:00:00]} e6 {[%emt 0:00:01]} 7. Nc3 {[%emt 0:00:13]} Nxc3 {[%emt 0:00:03]} 8. bxc3 {[%emt 0:00:00]} Qc7 {[%emt 0:00:02]} 9. Bd2 {[%emt 0:00:08]} Nd7 {[%emt 0:00:01]} 10. exd6 {[%emt 0:00:04]} Bxd6 {[%emt 0:00:01]} 11. Bd3 {[%emt 0:00:00]} b6 {[%emt 0:00:06]} 12. O-O {[%emt 0:00:08]} Bb7 {[%emt 0:00:01]} 13. h3 {[%emt 0:00:01]} O-O {[%emt 0:00:25]} 14. c4 {[%emt 0:00:17]} Rac8 {[%emt 0:00:03]} 15. Rc1 {[%emt 0:00:04]} Rfd8 {[%emt 0:00:17]} 16. Bg5 {[%emt 0:00:09]} f6 {[%emt 0:00:07]} 17. Be3 {[%emt 0:00:01]} Nf8 {[%emt 0:00:16]} 18. Nd2 {[%emt 0:00:25]} Qc6 {[%emt 0:00:45]} 19. Be4 {[%emt 0:00:43]} Qd7 {[%emt 0:00:01]} 20. Bxb7 {[%emt 0:00:04]} Qxb7 {[%emt 0:00:00]} 21. c5 {[%emt 0:00:19]} bxc5 {[%emt 0:00:02]} 22. dxc5 {[%emt 0:00:00]} Be7 {[%emt 0:00:29]} 23. Qb3 {[%emt 0:00:04]} Qa6 {[%emt 0:00:15]} 24. Ne4 {[%emt 0:00:07]} Rd3 {[%emt 0:00:06]} 25. Qc2 {[%emt 0:00:12]} Ra3 {[%emt 0:00:04]} 26. c6 {[%emt 0:00:13]} Rxa2 {[%emt 0:00:02]} 27. Qb1 {[%emt 0:00:09]} Ra4 {[%emt 0:00:17]} 28. c7 {[%emt 0:00:15]} Rb4 {[%emt 0:00:02]} 29. Qc2 {[%emt 0:00:02]} Rb7 {[%emt 0:00:01]} 30. f3 {[%emt 0:00:04]} Qa5 {[%emt 0:00:06]} 31. Bd2 {[%emt 0:00:03]} Qxc7 {[%emt 0:00:02]} 32. Qd3 {[%emt 0:00:01]} Qb6+ {[%emt 0:00:01]} 33. Be3 {[%emt 0:00:01]} Qd8 {[%emt 0:00:06]} 34. Qe2 {[%emt 0:00:01]} Rbc7 {[%emt 0:00:02]} 35. Rcd1 {[%emt 0:00:01]} Rd7 {[%emt 0:00:02]} 36. Ra1 {[%emt 0:00:02]} a5 {[%emt 0:00:03]} 37. Qa6 {[%emt 0:00:03]} Ra8 {[%emt 0:00:01]} 38. Qb5 {[%emt 0:00:01]} Rd3 {[%emt 0:00:01]} 39. Bf2 {[%emt 0:00:03]} Ng6 {[%emt 0:00:01]} 40. Bb6 {[%emt 0:00:02]} Qd5 {[%emt 0:00:02]} 41. Qxd5 {[%emt 0:00:04]} Rxd5 {[%emt 0:00:00]} 42. Rfc1 {[%emt 0:00:04]} a4 {[%emt 0:00:01]} 43. h4 {[%emt 0:00:05]} a3 {[%emt 0:00:01]} 44. Rc7 {[%emt 0:00:02]} Bb4 {[%emt 0:00:05]} 45. h5 {[%emt 0:00:02]} Nf4 {[%emt 0:00:01]} 46. h6 {[%emt 0:00:02]} Bf8 {[%emt 0:00:05]} 47. hxg7 {[%emt 0:00:01]} Bxg7 {[%emt 0:00:01]} 48. Rb7 {[%emt 0:00:03]} a2 {[%emt 0:00:01]} 49. Ra7 {[%emt 0:00:03]} Rxa7 {[%emt 0:00:01]} 50. Bxa7 {[%emt 0:00:00]} Ra5 {[%emt 0:00:01]} 51. Bd4 {[%emt 0:00:02]} Ne2+ {[%emt 0:00:05]} 52. Kf2 {[%emt 0:00:02]} Nxd4 {[%emt 0:00:00]} 53. Nd2 {[%emt 0:00:02]} Nc2 {[%emt 0:00:01] AbdullaKh resigns (Lag: Av=0.47s, max=0.6s)} 0-1

[Event "Silkway Cup"]
[Site "T#646345FIDE"]
[Date "2020.05.28"]
[Round "10"]
[White "Moonlightbae"]
[Black "S-melia"]
[Result "0-1"]
[WhiteElo "1508"]
[BlackElo "1697"]
[Annotator "NA"]
[PlyCount "40"]
[EventDate "2020.05.28"]
[EventType "swiss (blitz)"]

1. d4 {[%emt 0:00:02]} Nf6 {[%emt 0:00:02]} 2. c4 {[%emt 0:00:01]} e6 {[%emt 0:00:01]} 3. Nf3 {[%emt 0:00:01]} d5 {[%emt 0:00:02]} 4. Nc3 {[%emt 0:00:01]} c5 {[%emt 0:00:05]} 5. e3 {[%emt 0:00:07]} cxd4 {[%emt 0:00:02]} 6. exd4 {[%emt 0:00:01]} Bb4 {[%emt 0:00:00]} 7. Bd2 {[%emt 0:00:12]} O-O {[%emt 0:00:08]} 8. Be2 {[%emt 0:00:03]} dxc4 {[%emt 0:00:02]} 9. Bxc4 {[%emt 0:00:01]} Nc6 {[%emt 0:00:04]} 10. a3 {[%emt 0:00:16]} Be7 {[%emt 0:00:24]} 11. Bg5 {[%emt 0:00:13]} b6 {[%emt 0:00:06]} 12. O-O {[%emt 0:00:04]} Bb7 {[%emt 0:00:01]} 13. Rc1 {[%emt 0:00:14]} Rc8 {[%emt 0:00:02]} 14. Ba2 {[%emt 0:00:04]} h6 {[%emt 0:00:09]} 15. Bh4 {[%emt 0:00:03]} Nh5 {[%emt 0:00:06]} 16. Bxe7 {[%emt 0:00:10]} Nxe7 {[%emt 0:00:01]} 17. Ne5 {[%emt 0:00:08]} Nf4 {[%emt 0:00:10]} 18. f3 {[%emt 0:00:19]} Nf5 {[%emt 0:00:15]} 19. g3 {[%emt 0:00:40]} Nh3+ {[%emt 0:00:48]} 20. Kg2 {[%emt 0:00:01]} Ne3+ {[%emt 0:00:03] Moonlightbae resigns (Lag: Av=0.52s, max=0.7s)} 0-1

[Event "Silkway Cup"]
[Site "T#646345FIDE"]
[Date "2020.05.28"]
[Round "10"]
[White "Niadongh"]
[Black "Diana lomaia"]
[Result "0-1"]
[WhiteElo "1483"]
[BlackElo "1449"]
[Annotator "NA"]
[PlyCount "56"]
[EventDate "2020.05.28"]
[EventType "swiss (blitz)"]

1. e4 {[%emt 0:00:02]} c5 {[%emt 0:00:01]} 2. Nf3 {[%emt 0:00:01]} e6 {[%emt 0:00:01]} 3. d4 {[%emt 0:00:00]} cxd4 {[%emt 0:00:01]} 4. Nxd4 {[%emt 0:00:01]} Nc6 {[%emt 0:00:01]} 5. Be3 {[%emt 0:00:25]} a6 {[%emt 0:00:03]} 6. Nc3 {[%emt 0:00:02]} Qc7 {[%emt 0:00:05]} 7. Qd2 {[%emt 0:00:41]} Bb4 {[%emt 0:00:02]} 8. a3 {[%emt 0:00:14]} Be7 {[%emt 0:00:10]} 9. Be2 {[%emt 0:00:11]} Nf6 {[%emt 0:00:05]} 10. O-O {[%emt 0:00:07]} O-O {[%emt 0:00:03]} 11. f4 {[%emt 0:00:02]} Nxd4 {[%emt 0:00:13]} 12. Bxd4 {[%emt 0:00:03]} Bc5 {[%emt 0:00:02]} 13. Kh1 {[%emt 0:00:03]} Bxd4 {[%emt 0:00:07]} 14. Qxd4 {[%emt 0:00:01]} d6 {[%emt 0:00:15]} 15. Qe3 {[%emt 0:00:10]} Rd8 {[%emt 0:00:09]} 16. Qg3 {[%emt 0:00:28]} d5 {[%emt 0:00:17]} 17. e5 {[%emt 0:00:13]} Ne4 {[%emt 0:00:07]} 18. Nxe4 {[%emt 0:00:24]} dxe4 {[%emt 0:00:01]} 19. Rac1 {[%emt 0:00:02]} b6 {[%emt 0:00:09]} 20. Bg4 {[%emt 0:00:05]} Rd5 {[%emt 0:00:15]} 21. Rfe1 {[%emt 0:00:20]} Rd4 {[%emt 0:00:11]} 22. c3 {[%emt 0:00:04]} Rd3 {[%emt 0:00:02]} 23. Qh4 {[%emt 0:00:02]} Bb7 {[%emt 0:00:05]} 24. Be2 {[%emt 0:00:02]} Rd2 {[%emt 0:00:06]} 25. Bg4 {[%emt 0:00:04]} Rad8 {[%emt 0:00:27]} 26. Re3 {[%emt 0:00:03]} R8d3 {[%emt 0:00:05]} 27. Rce1 {[%emt 0:00:03]} Rxb2 {[%emt 0:00:06]} 28. f5 {[%emt 0:00:03]} Rxe3 {[%emt 0:00:08] Time (Lag: Av=0.64s, max=1.7s)} 0-1